Which City in Bosnia and Herzegovina? - Statistics

General Stats
  • This quiz has been taken 39 times
  • The average score is 13 of 20
Answer Stats
Clue Letter City % Correct
Capital of Bosnia and Herzegovina. Hosted the 1984 Winter Olympics. S Sarajevo
100%
Steel city of Bosnia and Herzegovina Z Zenica
100%
Famous for the Ferhadija Mosque and Kastel Fortress. Located on the banks of the Vrbas River. B Banja Luka
94%
Home to the Old Bridge, a UNESCO World Heritage Site M Mostar
94%
Its name comes from the Turkish word for 'salt mine' T Tuzla
94%
A city on the Una River, known for the Fethija Mosque, a former Gothic church B Bihać
81%
Place of the Pliva Waterfalls, one of Bosnia's most beautiful natural sights J Jajce
69%
Renowned for its traditional cheese, produced since the 19th century L Livno
69%
Situated on the Trebišnjica River, where Jovan Dučić was born T Trebinje
69%
5th largest city. Provincial center of Semberija. B Bijeljina
63%
Once the capital of Bosnia Eyalet from 1699 to 1850 T Travnik
63%
Home to the iconic Mehmed Paša Sokolović Bridge, another UNESCO cultural landmark V Višegrad
63%
Birthplace of Husein-kapetan Gradaščević G Gradačac
56%
Famous for the 13th-century Ostrožac Castle C Cazin
50%
Known for the Gradina Fortress, constructed in the 13th century in the Kingdom of Bosnia D Doboj
50%
Known for the Radimlja stećak necropolis, a UNESCO-listed site of medieval tombstones S Stolac
50%
A major pilgrimage site, known for the apparition of the Virgin Mary M Međugorje
44%
Famous for the ARK D-0 bunker, also known as Tito's nuclear command center, built during the Cold War K Konjic
38%
Igokea Basketball Club, a prominent force in the ABA League, plays here L Laktaši
31%
From 1952 until 1992, was officially called Lištica Š Široki Brijeg
31%
No matching quizzes found
Score Distribution
Percent of People with Each Score
Percentile by Number Answered
Your Score History
You have not taken this quiz